Tóm tắt và đối chiếu lịch sử quân sự Việt Nam với lịch sử quân sự thế giới từ cổ đại tới hiện đại
Sách cung cấp những hiểu biết cơ bản, có hệ thống lịch sử đấu tranh oanh liệt của dân tộc Việt Nam từ trước cho đến nay, đồng thời có cái nhìn bao quát về thời gian, không gian trên nhiều lĩnh vực. Phần chính là bản Tổng sơ đồ; phần...
Bewaard in:
| Hoofdauteur: | |
|---|---|
| Formaat: | Boek |
| Taal: | Undetermined |
| Gepubliceerd in: |
Hà Nội
Thanh Niên
1998
|
| Onderwerpen: | |
| Tags: |
Voeg label toe
Geen labels, Wees de eerste die dit record labelt!
|
| Thư viện lưu trữ: | Trung tâm Học liệu Trường Đại học Cần Thơ |
|---|
| LEADER | 01364nam a2200181Ia 4500 | ||
|---|---|---|---|
| 001 | CTU_27390 | ||
| 008 | 210402s9999 xx 000 0 und d | ||
| 082 | |a 355.009 | ||
| 082 | |b V308 | ||
| 100 | |a Đặng Văn Việt | ||
| 245 | 0 | |a Tóm tắt và đối chiếu lịch sử quân sự Việt Nam với lịch sử quân sự thế giới từ cổ đại tới hiện đại | |
| 245 | 0 | |c Đặng Văn Việt | |
| 260 | |a Hà Nội | ||
| 260 | |b Thanh Niên | ||
| 260 | |c 1998 | ||
| 520 | |a Sách cung cấp những hiểu biết cơ bản, có hệ thống lịch sử đấu tranh oanh liệt của dân tộc Việt Nam từ trước cho đến nay, đồng thời có cái nhìn bao quát về thời gian, không gian trên nhiều lĩnh vực. Phần chính là bản Tổng sơ đồ; phần phụ lục cung cấp kiến thức cần thiết như về các vị tướng tài ba, lỗi lạc của thế giới, những nhà tư tưởng vĩ đại, cũng như những trận kịch chiến nổi tiếng, những phát minh lớn về khoa học kỹ thuật quân sự | ||
| 650 | |a military art and science,military history | ||
| 980 | |a Trung tâm Học liệu Trường Đại học Cần Thơ | ||